Terorizmus v Európe

Príspevok je venovaný problematike terorizmu v geopolitickom priestore Európy. Stručne sú uvedené niektoré teroristické útoky vo vybraných krajinách Európy. V následnosti sú charakterizované vybrané niektoré medzinárodné zmluvy podporujúce boj proti terorizmu.

Na minha lista:
Detalhes bibliográficos
Autor principal: Bujnová, Helena
Formato: Capítulo de Livro
Idioma:eslovaco
Assuntos:
Tags: Adicionar Tag
Sem tags, seja o primeiro a adicionar uma tag!

MARC

LEADER 00000nla a2200000 4500
001 0159621
005 20221103134428.0
041 0 |a slo 
044 |a SK 
245 1 0 |a Terorizmus v Európe  |c Helena Bujnová 
520 |a Príspevok je venovaný problematike terorizmu v geopolitickom priestore Európy. Stručne sú uvedené niektoré teroristické útoky vo vybraných krajinách Európy. V následnosti sú charakterizované vybrané niektoré medzinárodné zmluvy podporujúce boj proti terorizmu. 
610 2 0 |a terorizmus 
610 2 0 |a Európa 
610 2 0 |a bezpečnosť európska 
100 1 |a Bujnová, Helena